Двузонный электропривод на основе синхронного двигателя с постоянными магнитами; Повышение эффективности производства и использования энергии в условиях Сибири; Т. 2

Bibliografiske detaljer
Parent link:Повышение эффективности производства и использования энергии в условиях Сибири: материалы Всероссийской научно-практической конференции с международным участием, Иркутск, 19-22 Апреля 2022..— , 2022
Т. 2.— 2022.— [С. 79-82]
Hovedforfatter: Пластунова С. Н. Софья Николаевна
Institution som forfatter: Национальный исследовательский Томский политехнический университет Инженерная школа энергетики Отделение электроэнергетики и электротехники
Andre forfattere: Однокопылов И. Г. Иван Георгиевич
Summary:Заглавие с экрана
Sprog:russisk
Udgivet: 2022
Fag:
Online adgang:https://kgeu.ru/studportfolio/GetDoc/61056?idFizLico=131435#page=79
Format: MixedMaterials Electronisk Book Chapter
KOHA link:https://koha.lib.tpu.ru/cgi-bin/koha/opac-detail.pl?biblionumber=668974

MARC

LEADER 00000naa0a2200000 4500
001 668974
005 20250703135303.0
035 |a (RuTPU)RU\TPU\network\40211 
035 |a RU\TPU\network\39603 
090 |a 668974 
100 |a 20230206d2022 k y0rusy50 ca 
101 0 |a rus 
102 |a RU 
135 |a drcn ---uucaa 
181 0 |a i  
182 0 |a b 
200 1 |a Двузонный электропривод на основе синхронного двигателя с постоянными магнитами  |f С. Н. Пластунова, И. Г. Однокопылов 
203 |a Текст  |c электронный 
300 |a Заглавие с экрана 
320 |a [Библиогр.: 3 назв.] 
461 |t Повышение эффективности производства и использования энергии в условиях Сибири  |o материалы Всероссийской научно-практической конференции с международным участием, Иркутск, 19-22 Апреля 2022.   |o в 2 т.  |d 2022 
463 |t Т. 2  |v [С. 79-82]  |d 2022 
610 1 |a труды учёных ТПУ 
610 1 |a электронный ресурс 
700 1 |a Пластунова  |b С. Н.  |g Софья Николаевна 
701 1 |a Однокопылов  |b И. Г.  |c специалист в области электротехники  |c доцент Томского политехнического университета, кандидат технических наук  |f 1983-  |g Иван Георгиевич  |3 (RuTPU)RU\TPU\pers\27975  |9 12965 
712 0 2 |a Национальный исследовательский Томский политехнический университет  |b Инженерная школа энергетики  |b Отделение электроэнергетики и электротехники  |3 (RuTPU)RU\TPU\col\23505 
801 2 |a RU  |b 63413507  |c 20230206  |g RCR 
850 |a 63413507 
856 4 |u https://kgeu.ru/studportfolio/GetDoc/61056?idFizLico=131435#page=79  |z https://kgeu.ru/studportfolio/GetDoc/61056?idFizLico=131435#page=79 
942 |c CF